Fisicoquímica / (Registro nro. 56381)

Detalles MARC
000 -LEADER
campo de control de longitud fija 04774cam a22007814i 4500
001 - NÚMERO DE CONTROL
campo de control u53669
003 - IDENTIFICADOR DE NÚMERO DE CONTROL
campo de control PE-LiUPU
005 - FECHA Y HORA DE LA ÚLTIMA TRANSACCIÓN
campo de control 20250731180154.0
008 - DATOS DE LONGITUD FIJA--INFORMACIÓN GENERAL
campo de control de longitud fija 150623s1997 mx a r 001 0 spa d
020 ## - NÚMERO INTERNACIONAL ESTÁNDAR DEL LIBRO
Número Internacional Estándar del Libro 9789682613098
035 ## - NÚMERO DE CONTROL DEL SISTEMA
Número de control de sistema (Sirsi) i9789682613098
040 ## - FUENTE DE CATALOGACIÓN
Centro catalogador/agencia de origen PE-LiUPU
Lengua de catalogación spa
Centro/agencia transcriptor PE-LiUPU
Normas de descripción rda
049 ## - FONDOS LOCALES (OCLC)
Biblioteca depositaria PRUA
082 04 - NÚMERO DE LA CLASIFICACIÓN DECIMAL DEWEY
Número de clasificación 541.3
Cutter L18
100 1# - ENTRADA PRINCIPAL--NOMBRE DE PERSONA
Nombre de persona Laider, Keith J.,
Término indicativo de función/relación autor.
245 10 - MENCIÓN DEL TÍTULO
Título Fisicoquímica /
Mención de responsabilidad, etc. Keith James Laidler, John H. Meiser.
250 ## - MENCION DE EDICION
Mención de edición Primera edición en español.
264 #1 - PRODUCCIÓN, PUBLICACIÓN, DISTRIBUCIÓN, FABRICACIÓN Y COPYRIGHT
Producción, publicación, distribución, fabricación y copyright México :
Nombre del de productor, editor, distribuidor, fabricante Grupo Editorial Patria,
Fecha de producción, publicación, distribución, fabricación o copyright 1997.
300 ## - DESCRIPCIÓN FÍSICA
Extensión xvii, 987 páginas :
Otras características físicas ilustraciones ;
Dimensiones 27 centímetros
336 ## - TIPO DE CONTENIDO
Término de tipo de contenido text
Fuente rdacontent
337 ## - TIPO DE MEDIO
Nombre/término del tipo de medio unmediated
Fuente rdamedia
338 ## - TIPO DE SOPORTE
Nombre/término del tipo de soporte volume
Fuente rdacarrier
504 ## - NOTA DE BIBLIOGRAFÍA, ETC.
Nota de bibliografía, etc. Incluye Índice.
505 0# - NOTA DE CONTENIDO CON FORMATO
Nota de contenido con formato La naturaleza de la fisicoquímica y la teoría cinética de los gases -- La primera ley de la termodinámica -- La segunda y tercera leyes de la termodinámica -- Equilibrio químico -- Fases y soluciones -- Equilibrio de fases -- Disoluciones de electrólitos -- Celdas electroquímicas -- Cinética química I: conceptos fundamentales -- Cinética química II: mecanismos compuestos -- Mecánica cuántica y estructura atómica -- Enlace químico -- Fundamentos de la espectroscopia química -- Algunas aplicaciones modernas de la espectroscopia -- Estadística molecular -- El estado sólido -- El estado líquido -- Química de superficie y coloides -- Propiedades de transporte -- Macromoléculas; Apéndices.
526 ## - NOTA DE INFORMACIÓN SOBRE EL PROGRAMA DE ESTUDIO
Nombre del programa Segunda Especialidad En Estadística Aplicada Para Investigación (A Distancia)
526 ## - NOTA DE INFORMACIÓN SOBRE EL PROGRAMA DE ESTUDIO
Nombre del programa Segunda Especialidad En Estadística Aplicada Para Investigación
526 ## - NOTA DE INFORMACIÓN SOBRE EL PROGRAMA DE ESTUDIO
Nombre del programa Odontología
526 ## - NOTA DE INFORMACIÓN SOBRE EL PROGRAMA DE ESTUDIO
Nombre del programa Tecnología Médica En Terapia Física Y Rehabilitación (A Distancia)
526 ## - NOTA DE INFORMACIÓN SOBRE EL PROGRAMA DE ESTUDIO
Nombre del programa Tecnología Médica En Terapia Física Y Rehabilitación (Semipresencial)
526 ## - NOTA DE INFORMACIÓN SOBRE EL PROGRAMA DE ESTUDIO
Nombre del programa Tecnología Médica En Laboratorio Clínico Y Anatomía Patológica
526 ## - NOTA DE INFORMACIÓN SOBRE EL PROGRAMA DE ESTUDIO
Nombre del programa Ingeniería De Ciencia De Datos E Inteligencia Artificial
526 ## - NOTA DE INFORMACIÓN SOBRE EL PROGRAMA DE ESTUDIO
Nombre del programa Ingeniería Ambiental (Semipresencial)
526 ## - NOTA DE INFORMACIÓN SOBRE EL PROGRAMA DE ESTUDIO
Nombre del programa Nutrición humana
526 ## - NOTA DE INFORMACIÓN SOBRE EL PROGRAMA DE ESTUDIO
Nombre del programa Medicina humana
526 ## - NOTA DE INFORMACIÓN SOBRE EL PROGRAMA DE ESTUDIO
Nombre del programa Ingeniería de industrias alimentarias
526 ## - NOTA DE INFORMACIÓN SOBRE EL PROGRAMA DE ESTUDIO
Nombre del programa Ingeniería civil
526 ## - NOTA DE INFORMACIÓN SOBRE EL PROGRAMA DE ESTUDIO
Nombre del programa Ingeniería ambiental
526 ## - NOTA DE INFORMACIÓN SOBRE EL PROGRAMA DE ESTUDIO
Nombre del programa Enfermería
526 ## - NOTA DE INFORMACIÓN SOBRE EL PROGRAMA DE ESTUDIO
Nombre del programa Educación secundaria, especialidad matemática e informática
526 ## - NOTA DE INFORMACIÓN SOBRE EL PROGRAMA DE ESTUDIO
Nombre del programa Educación secundaria, especialidad ambiental, biología y química
541 ## - NOTA DE FUENTE DE ADQUISICIÓN DIRECTA
-- 001-0035385;
541 ## - NOTA DE FUENTE DE ADQUISICIÓN DIRECTA
-- 001-0036246;
541 ## - NOTA DE FUENTE DE ADQUISICIÓN DIRECTA
-- 001-0039187;
541 ## - NOTA DE FUENTE DE ADQUISICIÓN DIRECTA
-- 015-0016192;
596 ## -
-- 1 2 3
650 14 - PUNTO DE ACCESO ADICIONAL DE MATERIA--TÉRMINO DE MATERIA
Término de materia o nombre geográfico como elemento de entrada Fisicoquímica.
650 14 - PUNTO DE ACCESO ADICIONAL DE MATERIA--TÉRMINO DE MATERIA
Término de materia o nombre geográfico como elemento de entrada Química física y teórica.
700 1# - ENTRADA AGREGADA--NOMBRE PERSONAL
Nombre de persona Meiser, John H.,
Término indicativo de función/relación autor.
910 ## - DATOS DE OPCIÓN DEL USUARIO (OCLC)
Datos de opción del usuario gl
--
-- bd
-- 20140202
910 ## - DATOS DE OPCIÓN DEL USUARIO (OCLC)
Datos de opción del usuario gl
-- jv
-- ng
-- 20120413
910 ## - DATOS DE OPCIÓN DEL USUARIO (OCLC)
Datos de opción del usuario rdg
-- jck
-- rdg
-- 20150623
942 ## - ELEMENTOS DE ENTRADA SECUNDARIOS (KOHA)
Fuente del sistema de clasificación o colocación Clasificación Decimal Dewey
Tipo de ítem Koha
994 ## -
-- C0
-- PEPRU
949 ## - PROCESAMIENTO DE INFORMACIÓN LOCAL (OCLC)
a 541.3 L18
w DEWEY
c 1
i 64976
e 2017-4-24
f 2018-2-12
g 4
l CCODEBUL1
m BUL
n 1
p 32.00
r 0
s Y
t BOOK
u 2012-4-13
x INGENIERIA
-- P24
0 COMPRA
o .STAFF. Colección General
949 ## - PROCESAMIENTO DE INFORMACIÓN LOCAL (OCLC)
a 541.3 L18
w DEWEY
c 1
i FT03027
d 2017-10-16
e 2017-10-16
l CCODEBUT1
m BUT
n 1
p 36.82
r 0
s Y
t BOOK
u 2015-6-23
x INGENIERIA
-- P24
0 COMPRA
o .STAFF. Colección General
949 ## - PROCESAMIENTO DE INFORMACIÓN LOCAL (OCLC)
a 541.3 L18
w DEWEY
c 2
i 65637
e 2017-3-12
f 2018-2-12
g 4
l CCODEBUL1
m BUL
n 2
p 32.00
r 0
s Y
t BOOK
u 2012-4-13
x INGENIERIA
-- P24
0 COMPRA
o .STAFF. Colección General
949 ## - PROCESAMIENTO DE INFORMACIÓN LOCAL (OCLC)
a 541.3 L18
w DEWEY
c 3
i 69171
f 2018-2-9
g 4
l FIA2
m BUL
p 39.00
r 0
s Y
t BOOK
u 2012-4-13
x INGENIERIA
-- P24
0 COMPRA
o .STAFF. Colección General
949 ## - PROCESAMIENTO DE INFORMACIÓN LOCAL (OCLC)
a 541.3 L18
w DEWEY
c 4
i 70214
d 2018-4-24
e 2018-4-22
f 2018-2-12
g 4
l CCODEBUL1
m BUL
n 1
p 46.00
q 1
r 0
s Y
t BOOK
u 2012-4-13
x INGENIERIA
-- P24
0 COMPRA
o .STAFF. Colección General
949 ## - PROCESAMIENTO DE INFORMACIÓN LOCAL (OCLC)
a 544.075 L17 2011
w DEWEY
c 1
i FJ05629
l CCODEBUJ1
m BUJ
n 1
p 30.00
r 0
s Y
t BOOK
u 2017-1-19
x INGENIERIA
-- P26
0 COMPRA
o .STAFF. Colección General Juliaca
999 ## - NÚMEROS DE CONTROL DE SISTEMA (KOHA)
-- DEWEY
-- 64976
-- 2017-4-24
-- 2021-11-5
-- 7
-- CCODEBUL1
-- BUL
-- 1
-- 32.00
-- 0
-- Y
-- BOOK
-- 2012-4-13
-- BIBLIOTECA
-- P24
-- COMPRA
-- .STAFF. Colección General
999 ## - NÚMEROS DE CONTROL DE SISTEMA (KOHA)
-- DEWEY
-- 65637
-- 2017-3-12
-- 2021-11-5
-- 7
-- CCODEBUL1
-- BUL
-- 2
-- 32.00
-- 0
-- Y
-- BOOK
-- 2012-4-13
-- BIBLIOTECA
-- P24
-- COMPRA
-- .STAFF. Colección General
999 ## - NÚMEROS DE CONTROL DE SISTEMA (KOHA)
-- DEWEY
-- 69171
-- 2021-11-5
-- 7
-- CCODEBUL1
-- BUL
-- 39.00
-- 2
-- 0
-- Y
-- BOOK
-- 2012-4-13
-- BIBLIOTECA
-- P24
-- COMPRA
-- .STAFF. Colección General
999 ## - NÚMEROS DE CONTROL DE SISTEMA (KOHA)
-- DEWEY
-- 70214
-- 2020-1-26
-- 2021-11-9
-- 7
-- CCODEBUL1
-- BUL
-- 3
-- 46.00
-- 1
-- 0
-- Y
-- BOOK
-- 2012-4-13
-- INGENIERIA
-- P24
-- COMPRA
-- .STAFF. Colección General
999 ## - NÚMEROS DE CONTROL DE SISTEMA (KOHA)
-- DEWEY
-- FT03027
-- 2017-10-16
-- 2019-2-20
-- 1
-- CCODEBUT1
-- BUT
-- 1
-- 36.82
-- 0
-- Y
-- BOOK
-- 2015-6-23
-- INGENIERIA
-- P24
-- COMPRA
-- .STAFF. Colección General
999 ## - NÚMEROS DE CONTROL DE SISTEMA (KOHA)
-- DEWEY
-- FJ05629
-- 2017-8-22
-- 2022-1-19
-- 4
-- CCODEBUJ1
-- BUJ
-- 1
-- 30.00
-- 1
-- 0
-- Y
-- BOOK
-- 2017-1-19
-- INGENIERIA
-- P26
-- COMPRA
-- .STAFF. Colección General Juliaca
980 ## - EQUIVALENCIA O REFERENCIA-CRUZADA-MENCIÓN DE SERIE--NOMBRE DE PERSONA/TÍTULO [LOCAL, CANADÁ]
ID del último usuario que modificó el registro 1
Nombre del último usuario que modificó el registro ALBERTO SANCHEZ Responsable de Automatización
Existencias
Visto por última vez Número de inventario Total de préstamos Signatura topográfica completa Código de barras Fecha del último préstamo Copia número Coste, precio de reemplazo Fecha de reemplazo Facultad Tipo de ítem Koha Nota pública Estado de pérdida Fuente del sistema de clasificación o colocación Restricciones de uso No para préstamo Colección Programa académico Biblioteca de origen Biblioteca actual Ubicación en estantería Fecha de adquisición Fuente de adquisición Coste, precio normal de compra
2025-12-02 8 1 541.3 L18 64976 2017-04-24 e1 37.00 2012-04-13 FIA Libros físicos inventario-2023-12-13 No Perdido Clasificación Decimal Dewey No restringido Disponible para préstamos Colección General Ingeniería ambiental Biblioteca CRAI UPeU Lima Biblioteca CRAI UPeU Lima Sala principal 2012-04-13 COMPRA 32.00
2025-12-02 8 3 541.3 L18 65637 2024-08-28 e2 37.00 2012-04-13 FIA Libros físicos inventario-2023-12-13 No Perdido Clasificación Decimal Dewey No restringido Disponible para préstamos Colección General Ingeniería ambiental Biblioteca CRAI UPeU Lima Biblioteca CRAI UPeU Lima Sala principal 2012-04-13 COMPRA 32.00
2025-12-02 8 3 541.3 L18 69171 2020-01-26 e3 44.00 2012-04-13 FIA Libros físicos inventario-2023-12-13 No Perdido Clasificación Decimal Dewey No restringido Disponible para préstamos Colección General Ingeniería ambiental Biblioteca CRAI UPeU Lima Biblioteca CRAI UPeU Lima Sala principal 2012-04-13 COMPRA 39.00
2025-12-02 8 1 541.3 L18 70214 2017-10-16 e4 51.00 2012-04-13 FIA Libros físicos inventario-2023-12-13 No Perdido Clasificación Decimal Dewey No restringido Disponible para préstamos Colección General Ingeniería ambiental Biblioteca CRAI UPeU Lima Biblioteca CRAI UPeU Lima Sala principal 2012-04-13 COMPRA 46.00